000 00774cam a22002533a 4500
001 6035
003 PGUSA
005 20140828083127.0
008 040701s2004||||xxu|||||s|||||000 | eng d
040 _aPGUSA
_beng
042 _adc
050 4 _aPQ
100 1 _aDestouches, Néricault,
_d1680-1754
245 1 4 _aThe Triple Marriage
_h[electronic resource] /
_cNéricault Destouches
260 _bProject Gutenberg,
_c2004
506 _aCopyrighted. Read the copyright notice inside this book for details.
516 _aElectronic text
653 _aFrench drama (Comedy)
653 _aFrench drama -- Translations into English
700 1 _aMorlock, Frank J.
830 0 _aProject Gutenberg
_v6035
856 4 0 _uhttp://www.gutenberg.org/ebooks/6035
942 _cEB
999 _c235363
_d235363